Inspired Geography / (Record no. 210344)

MARC details
000 -LEADER
fixed length control field 00599nam a22002057a 4500
005 - DATE AND TIME OF LATEST TRANSACTION
control field 20250320153946.0
010 ## - LCCN (DPL NO)
LC control number ENG-144160
020 ## - INTERNATIONAL STANDARD BOOK NUMBER
International Standard Book Number 978020102458
Terms of availability 180.00
035 ## - SYSTEM CONTROL NUMBER
System control number EN-127692
037 ## - SOURCE OF ACQUISITION
Source of stock number/acquisition DBAD
082 ## - DEWEY DECIMAL CLASSIFICATION NUMBER
Classification number 910
245 ## - TITLE STATEMENT
Title Inspired Geography /
260 ## - PUBLICATION, DISTRIBUTION, ETC. (IMPRINT)
Place of publication, distribution, etc Telangana
Name of publisher, distributor, etc Orient BlackSwan
Date of publication, distribution, etc 2018
270 ## - ADDRESS
Address 3-6-752 Himayatnagar , Hyderabad
City Hyderabad
Postal code 500 029
Electronic mail address centraloffice@orientblackswan.com
300 ## - PHYSICAL DESCRIPTION
Extent 134p.
Dimensions 27 cm.(Pb)
490 ## - SERIES STATEMENT
Volume number/sequential designation vol 1
500 ## - GENERAL NOTE
General note Stories of vedanta monks
700 ## - ADDED ENTRY--PERSONAL NAME
Personal name Swami chetanananda
9 (RLIN) 76691
942 ## - ADDED ENTRY ELEMENTS (KOHA)
Source of classification or shelving scheme Dewey Decimal Classification
Item type English Books
Classification part 910
Holdings
Withdrawn status Lost status Not for loan Collection code Home library Current library Date acquired Source of acquisition Cost, normal purchase price Full call number Barcode Copy number Cost, replacement price Koha item type
      Non-fiction Sarojini Nagar Sarojini Nagar 18/03/2025 DBAD 180.00 910 INS EN-127692 1 180.00 English Books

© Delhi Public Library
Hit Counter
free hit counter